| 000 | 00556nam a2200193 a 4500 | ||
|---|---|---|---|
| 001 | 6078 | ||
| 005 | 20180713185929.0 | ||
| 008 | 140415s1983 000 0 spa d | ||
| 020 | _a9682412978 | ||
| 041 | _aspa | ||
| 082 |
_a350.722 _bLYD |
||
| 100 | 1 | _aLYDEN, FREMONT J. | |
| 245 | 1 | 0 |
_aPRESUPUESTO PUBLICO : _bPLANEACION, EVALUACION Y CONTROL DE PROGRAMAS |
| 260 |
_a[s.l.] : _bTRILLAS, _c1983 |
||
| 300 | _a509 | ||
| 650 | 1 | 4 |
_aGASTOS PUBLICOS _xPRESUPUESTO |
| 700 | 1 |
_aTOUSSAINT, EMILIO _etr. |
|
| 700 | 1 |
_aMILLER, ERNEST G. _ecoaut. |
|
| 999 |
_c6078 _d6078 |
||